| 000 | 00694nab a2200217 4500 | ||
|---|---|---|---|
| 003 | BR-BrBNA | ||
| 005 | 20250326102557.0 | ||
| 008 | 250326b bl.||||| |||| 00| 0 por d | ||
| 040 |
_aBR-BrBNA _bpor |
||
| 072 |
_aL73 _b3888 ; 4150 |
||
| 100 | _aStefano, Fabiane | ||
| 245 |
_aA super vacina _bAgrotecnologia |
||
| 500 | _a1 illus. | ||
| 650 | _aDOENÇA ANIMAL | ||
| 650 | _aFEBRE AFTOSA | ||
| 650 | _aVACINA | ||
| 650 | _aIMUNIZAÇÃO | ||
| 773 | 0 |
_01706 _9346300 _dSão Paulo-SP Editora Três Ltda - E-mail: luizfsa@revistadinheiro.com.br 2004 _o2024-6954 _tDinheiro Rural (Brazil) _x1807-3700 _gv. 3(18) p. 38-39; (Apr 2006) _wBR2025000375 |
|
| 942 | _cANA | ||
| 999 |
_c330662 _d330662 |
||